Comuni della Provincia di Catanzaro (con mappa) - Statistics

Statistiche generali
  • Questo quiz è stato fatto 26 volte
  • Il punteggio medio è 54 su 80
Risposte nella Mappa
Le risposte nella mappa del quiz sottostante sono codificate secondo una scala di colori dal rosso al verde in base alla % di persone che hanno risposto correttamente.
 
Statistiche sulle risposte
Risposta % Corretto
Catanzaro
95%
Lamezia Terme
95%
Sellia
89%
Marcellinara
84%
Sellia Marina
84%
Settingiano
84%
Soverato
84%
Amaroni
79%
Amato
79%
Caraffa di Catanzaro
79%
Cortale
79%
Falerna
79%
Maida
79%
Simeri Crichi
79%
Soveria Mannelli
79%
Tiriolo
79%
Badolato
74%
Gimigliano
74%
Gizzeria
74%
Guardavalle
74%
Montauro
74%
San Pietro a Maida
74%
Serrastretta
74%
Squillace
74%
Albi
68%
Borgia
68%
Carlopoli
68%
Cicala
68%
Davoli
68%
Isca sullo Ionio
68%
Montepaone
68%
Pianopoli
68%
San Floro
68%
San Pietro Apostolo
68%
San Sostene
68%
Santa Caterina dello Ionio
68%
Sant'Andrea Apostolo dello Ionio
68%
Satriano
68%
Sersale
68%
Stalettì
68%
Taverna
68%
Andali
63%
Belcastro
63%
Botricello
63%
Cardinale
63%
Chiaravalle Centrale
63%
Cropani
63%
Curinga
63%
Decollatura
63%
Gagliato
63%
Girifalco
63%
Jacurso
63%
Magisano
63%
Marcedusa
63%
Nocera Terinese
63%
Olivadi
63%
Petrizzi
63%
Zagarise
63%
Argusto
58%
Centrache
58%
Cerva
58%
Conflenti
58%
Feroleto Antico
58%
Martirano
58%
Palermiti
58%
Pentone
58%
Petronà
58%
San Vito sullo Ionio
58%
Sorbo San Basile
58%
Soveria Simeri
58%
Torre di Ruggiero
58%
Vallefiorita
58%
Fossato Serralta
53%
Gasperina
53%
Martirano Lombardo
53%
Miglierina
53%
Motta Santa Lucia
53%
Platania
53%
San Mango d'Aquino
53%
Cenadi
47%
Nessun quiz corrispondente trovato
Distribuzione punteggi
Percentuale di utenti per punteggio
Percentile per numero di risposta
I tuoi punteggi nel tempo
Non hai fatto questo quiz